000 00597nam a2200193Ia 4500
003 OSt
005 20260220094829.0
008 210210b1990 xxu||||| |||| 00| 0 eng d
040 _cAL
041 _aKonkani/Devnagari
082 _a413 KENI
100 _aKeni (Chandrakant)
_975258
_dचंद्रकांत केणी
245 _aEnglish-Konkani-Hindi utraval
_bइंग्लीश–कोंकणी–हिन्दी उतरावळ
260 _aGoa.
_bGoa Konkani Akademi.,
_c1990
300 _a183
690 _aDictionaries
_975259
906 _a050532
942 _2ddc
_cBK
999 _c99301
_d99301